Response Types to Low Water Supply - Statistics

General Stats
  • This quiz has been taken 117 times
  • The average score is 7 of 9
Answer Stats
Question Answer % Correct
A new law increases the cost of water Anthropocentrism
88%
A company's filter catches salt and desalinates ocean water Technocentrism
88%
An executive order gives financial incentives for conserving water Anthropocentrism
84%
A county restricts the amount of water each household can receive per day Anthropocentrism
83%
A treatment plant recycles waste water Technocentrism
82%
A student takes a shorter shower Ecocentrism
80%
A gardener changes the landscaping in his front yard to low-water use/drought tolerant plants Ecocentrism
78%
An environmentalist educates a friend about the low water supply and encourages less water use Ecocentrism
76%
A farmer fills his reservoir with black shade balls to prevent evaporation Technocentrism
69%
No matching quizzes found
Score Distribution
Percent of People with Each Score
Percentile by Number Answered
Your Score History
You have not taken this quiz